JIT(ジヤスト・イン・タイム)の革命の衝撃 : 世界の経営システムを変えるトヨタ生産方式

Bewaard in:
Bibliografische gegevens
Hoofdauteur: 洲崎清(すざき きよし)
Formaat: Boek
Taal:Undetermined
Gepubliceerd in: 東京 ダイヤモンド社 1987
Onderwerpen:
Tags: Voeg label toe
Geen labels, Wees de eerste die dit record labelt!
Thư viện lưu trữ: Trung tâm Học liệu Trường Đại học Cần Thơ
LEADER 00609nam a2200193Ia 4500
001 CTU_87651
008 210402s9999 xx 000 0 und d
082 |a 658.5 
082 |b S968 
100 |a 洲崎清(すざき きよし) 
245 0 |a JIT(ジヤスト・イン・タイム)の革命の衝撃 : 
245 0 |b 世界の経営システムを変えるトヨタ生産方式 
245 0 |c 洲崎清 
260 |a 東京 
260 |b ダイヤモンド社 
260 |c 1987 
650 |a Production Management 
904 |i Ngoc 
980 |a Trung tâm Học liệu Trường Đại học Cần Thơ